| 000 | 00353nam a2200145Ia 4500 | ||
|---|---|---|---|
| 008 | 210716s1984 xx 000 0 und d | ||
| 041 | _aeng | ||
| 082 | _a005.3001 CURS | ||
| 100 | _aCurran, Susan. | ||
| 245 | _aWord processing for beginners. | ||
| 250 | _a1 | ||
| 260 |
_aLondon _bGranada Publishing Ltd _c1984 |
||
| 300 | _aiv,170 | ||
| 650 | _aNone | ||
| 999 |
_c180794 _d180794 |
||